| 000 | 00367nam a22001577a 4500 | ||
|---|---|---|---|
| 005 | 20160701103229.0 | ||
| 008 | 160701b xxu||||| |||| 00| 0 eng d | ||
| 041 | _aeng | ||
| 082 | _b20154 | ||
| 100 |
_aSaxena SC & Arora SP _93339 |
||
| 245 | _aRailway Engineering | ||
| 260 |
_bDhanpat _c2015 |
||
| 300 | _a34.7 | ||
| 650 |
_aDiploma Engineering _9817 |
||
| 942 | _cBK | ||
| 999 |
_c4992 _d4990 |
||